000 00516cam a22002171 4500
001 sa 63000011
003 DLC
005 20260227111918.0
008 940727s1962 ii 000 1 gujo
010 _asa 63000011
025 _aPL480:I-Gu-43
035 _a(OCoLC)30838421
040 _aDLC
_cCU
_dCU
_dDLC
042 _apremarc
050 0 0 _aPK1859.G3
_bU8
100 1 _aGandhi, Indulal Phulchand,
_d1911-
245 1 0 _aUttarīya.
260 _c[1962]
300 _a176 p.
_c19 cm.
500 _aIn Gujarati.
999 _c53273
_d53273